| 000 | 00000nam##2200000za#4500 |
| 001 | 9.590959 |
| 003 | CaOODSP |
| 005 | 20250403104946 |
| 007 | cr ||||||||||| |
| 008 | 150406|2003||||xxc|||||o f|0| 0 fre|d |
| 020 | |a0-662-86281-3 |
| 022 | |a1205-9161 |
| 040 | |aCaOODSP|bfre |
| 043 | |an-cn--- |
| 086 | 1 |aCS11-0019/172F-PDF |
| 245 | 00|aIntensité des faibles revenus au cours des années 1990 : |h[ressource électronique]|ble rôle de la croissance économique, des revenus d'emploi et des transferts sociaux / |cpar G. Picot, R. Morissette et J. Myles. |
| 260 | |aOttawa - Ontario : |bStatistique Canada |cJanvier 2003. |
| 300 | |a37p.|bgraphiques, références, tableaux |
| 490 | 1 |aDocuments de recherche - Direction des études analytiques|x1205-9161|vN° 172 |
| 590 | |a12-34-Supp|b2012-07-31 |
| 710 | 2 |aStatistique Canada. |
| 720 | 1 |aMorissette, R. |
| 720 | 1 |aPicot, G. |
| 720 | 1 |aMyles, J. |
| 775 | 08|tLow-income intensity during the 1990s : |w(CaOODSP)9.557959 |
| 830 | #0|aDocuments de recherche (Statistique Canada. Direction des études analytiques)|x1205-9161|vN° 172|w(CaOODSP)9.500842 |
| 856 | 40|ahttp://publications.gc.ca|qPDF|s279 Ko|uhttps://publications.gc.ca/collections/collection_2012/statcan/11f0019m/11f0019m2003172-fra.pdf|yN° 172 |